Languages of Belize - Statistics

General Stats
  • This quiz has been taken 54 times
  • The average score is 3 of 6
Answer Stats
Percent Language % Correct
56 Spanish
100%
62 English
95%
44 Creole
54%
10 Maya
51%
3 German
29%
2 Garifuna
15%
No matching quizzes found
Score Distribution
Percent of People with Each Score
Percentile by Number Answered
Your Score History
You have not taken this quiz